[Event "US Amateur West-ch"]
[Site "Palo Verde"]
[Date "2003.05.26"]
[Round "5"]
[White "Thews, Daniel"]
[Black "Pitt, Ryan"]
[Result "1-0"]
[WhiteElo "1598"]
[BlackElo "1404"]
[PlyCount "32"]
[EventDate "2003.05.24"]
[EventType "swiss"]
[EventRounds "6"]
[EventCountry "USA"]
[SourceTitle "EXT 2014"]
[Source "ChessBase"]
[SourceDate "2013.11.20"]
[SourceVersion "1"]
[SourceVersionDate "2013.11.20"]
[SourceQuality "1"]

1. d4 d5 2. c4 e5 3. dxe5 d4 4. Nf3 Nc6 5. e3 Bb4+ 6. Bd2 dxe3 7. fxe3 Bxd2+ 8. Nbxd2 Bg4 9. Qb3 Rb8 10. Be2 Nge7 11. 0-0 0-0 12. Rf2 Ng6 13. Qc3 Qe7 14. e6 Bxe6 15. Nd4 Nxd4 16. exd4 b5 1-0

[Event "US Amateur West-ch"]
[Site "Palo Verde"]
[Date "2003.05.24"]
[Round "1"]
[White "Thews, Daniel"]
[Black "Martinez, Leonard"]
[Result "0-1"]
[WhiteElo "1598"]
[BlackElo "2052"]
[PlyCount "34"]
[EventDate "2003.05.24"]
[EventType "swiss"]
[EventRounds "6"]
[EventCountry "USA"]
[SourceTitle "EXT 2014"]
[Source "ChessBase"]
[SourceDate "2013.11.20"]
[SourceVersion "1"]
[SourceVersionDate "2013.11.20"]
[SourceQuality "1"]

1. d4 Nf6 2. c4 e6 3. Nc3 c5 4. Bg5 cxd4 5. Qxd4 Be7 6. Nf3 Nc6 7. Qd2 h6 8. Bf4 Bb4 9. Qc2 d5 10. 0-0-0 0-0 11. cxd5 exd5 12. Nb5 Bg4 13. Kb1 Rc8 14. Qd3 Ne4 15. Qe3 Re8 16. Qb3 Nxf2 17. Rxd5 Qf6 0-1